El cazador de pumas
Uloženo v:
| Hlavní autor: | |
|---|---|
| Médium: | Kniha |
| Jazyk: | španělština |
| Vydáno: |
Madrid
Unidad Editorial
1998
|
| Edice: | Biblioteca El Mundo, 61
|
| Témata: | |
| Tagy: |
Přidat tag
Žádné tagy, Buďte první, kdo vytvoří štítek k tomuto záznamu!
|
MARC
| LEADER | 00000nam a2200000 a 4500 | ||
|---|---|---|---|
| 001 | UCH9779 | ||
| 003 | CL-VaPUC | ||
| 008 | 100121e19980000SP |||||||||||||||||spa|d | ||
| 020 | |a 848130090X | ||
| 082 | 0 | 4 | |a 813 |b GRE |2 21 |
| 100 | 0 | |a Grey, Zane |e author |9 547049 | |
| 245 | 1 | 3 | |a El cazador de pumas |
| 300 | |a 95 p | ||
| 942 | |c BK | ||
| 945 | |d 20100121 00:00:00 |a dcastane | ||
| 260 | |a Madrid |b Unidad Editorial |c 1998 | ||
| 650 | 0 | |a Literatura estadounidense |9 317168 | |
| 650 | 0 | |a Cuentos estadounidenses |9 265133 | |
| 583 | |a last modification |c 20100121 00:00:00 |k Rodrigo Vera | ||
| 490 | 0 | |a Biblioteca El Mundo, 61 | |
| 999 | |c 339668 |d 339666 | ||